000 00655nam a22001935i 4500
001 152793
003 ES-MaACL
005 20250812075345.0
008 970612s1898 fr |||| | fre d
040 _aAR
_bspa
_cAR
100 0 _aBrunetière, Ferdinand.
_932173
245 1 0 _aL'art et la morale /
_cF. Brunetière.
250 _a3e éd.
260 _aParis :
_bH. Hetzel et Cie,
_c1898.
300 _a100 p. ;
_c10 cm.
650 7 _aArte y moral
_2
_9150027
852 _aES-MaACL
_jT-194-F-4
_z-- Enc. hol. conservando la cub. original
_z-- Enc. en un vol. facticio
_x-- Edic.: El imp. consta: Typ. Chamerot et Renouard
999 _c152793
_d152793